本田技研工業 : 世界を駆ける
Đã lưu trong:
| Hovedforfatter: | |
|---|---|
| Format: | Bog |
| Sprog: | Undetermined |
| Udgivet: |
東京
朝日ソノラマ
1980
|
| Fag: | |
| Tags: |
Tilføj Tag
Ingen Tags, Vær først til at tagge denne postø!
|
| Thư viện lưu trữ: | Trung tâm Học liệu Trường Đại học Cần Thơ |
|---|
| LEADER | 00579nam a2200217Ia 4500 | ||
|---|---|---|---|
| 001 | CTU_94666 | ||
| 008 | 210402s9999 xx 000 0 und d | ||
| 082 | |a 338.8 | ||
| 082 | |b S129 | ||
| 100 | |a 相良竜介(さがら りょうすけ) | ||
| 245 | 0 | |a 本田技研工業 : | |
| 245 | 0 | |b 世界を駆ける | |
| 245 | 0 | |c 相良竜介 | |
| 260 | |a 東京 | ||
| 260 | |b 朝日ソノラマ | ||
| 260 | |c 1980 | ||
| 650 | |a Corporations,Corporations | ||
| 650 | |x Honda | ||
| 650 | |z Japan | ||
| 904 | |i Ngoc | ||
| 980 | |a Trung tâm Học liệu Trường Đại học Cần Thơ | ||